The Oxford modern English dictionary

Saved in:
Bibliographic Details
Other Authors: Swannell, Julia (Editor)
Format: Book
Language:English
Published: Oxford : Clarendon, 1992
Subjects:
Tags: Add Tag
No Tags, Be the first to tag this record!

MARC

LEADER 00000cam a2200000 i 4500
001 1/24221
008 960716s1992 eng d
020 |a 0-19-861267-2 
035 |l 10022246 
040 |a GR-MY-UA  |b gre  |e aacr 
041 0 |a eng 
082 0 |a 423 
245 1 4 |a The Oxford modern English dictionary /  |c Edited by : Julia Swannell 
260 |a Oxford :   |b Clarendon,   |c 1992 
300 |a 1286 p. 
650 0 0 |a English language  |y 20th century  |x Dictionaries. 
700 1 |a Swannell, Julia.  |4 edt 
852 |a INST  |b CHIOS  |e 19960716  |h 423 OXF  |p 005200007254  |q 005200007254  |t REF  |y 23 
909 |a Χ  |b 026522